000
00312nam a2200133Ia 4500
999
_c
6043
_d
6043
008
191201s2013 xx 000 0 und d
020
_a
9780070472969
100
_a
KAMAL, Raj
245
0
_a
Internet and Web Technologies
260
_a
N. delhi
_b
TMH
_c
2013
300
_a
519
650
_a
MCA
942
_2
ddc
_c
BK
_0
6